Anatomy of the dicotyledons (Record no. 83941)
[ view plain ]
| 000 -LEADER | |
|---|---|
| fixed length control field | 01102nam a2200229 a 4500 |
| 008 - FIXED-LENGTH DATA ELEMENTS--GENERAL INFORMATION | |
| fixed length control field | 120416s1979 ||||||||||||||||| || u |
| 020 ## - INTERNATIONAL STANDARD BOOK NUMBER | |
| International Standard Book Number | 0198542534 |
| 050 ## - LIBRARY OF CONGRESS CALL NUMBER | |
| Classification number | QK 495.A12 Met |
| 100 ## - MAIN ENTRY--PERSONAL NAME | |
| Personal name | Metcalfe, C. R |
| 245 10 - TITLE STATEMENT | |
| Title | Anatomy of the dicotyledons |
| 250 ## - EDITION STATEMENT | |
| Edition statement | 2nd ed. |
| 260 ## - PUBLICATION, DISTRIBUTION, ETC. | |
| Place of publication, distribution, etc. | Oxford |
| Name of publisher, distributor, etc. | Clarendon |
| Date of publication, distribution, etc. | 1979 |
| 300 ## - PHYSICAL DESCRIPTION | |
| Extent | 2Vols. |
| 350 ## - | |
| -- | 0.00 |
| 650 ## - SUBJECT ADDED ENTRY--TOPICAL TERM | |
| Topical term or geographic name entry element | TREES |
| 650 ## - SUBJECT ADDED ENTRY--TOPICAL TERM | |
| Topical term or geographic name entry element | TREES--BIOTECHNOLOGY |
| 650 ## - SUBJECT ADDED ENTRY--TOPICAL TERM | |
| Topical term or geographic name entry element | TREES--BREEDING |
| 995 ## - | |
| -- | MAIN LIBRARY OPEN ACCESS |
| -- | 0.00 |
| -- | 728224 |
| -- | CBU-MAIN LIBRARY (Kitwe) |
| -- | 3 |
| -- | 27.50 |
| -- | QK 495.A12 Met |
| -- | 4 |
| -- | AVAILABLE |
| -- | 025839 |
| -- | Main Library Open Access Collection |
| 995 ## - | |
| -- | ANNEX COLLECTION (Main Library) |
| -- | 0.00 |
| -- | 728223 |
| -- | CBU-MAIN LIBRARY (Kitwe) |
| -- | 2 |
| -- | 27.50 |
| -- | QK 495.A12 Met |
| -- | 1 |
| -- | AVAILABLE |
| -- | 025836 |
| -- | Annex Low-Usage Collection |
| 995 ## - | |
| -- | ANNEX COLLECTION (Main Library) |
| -- | 0.00 |
| -- | 728225 |
| -- | CBU-MAIN LIBRARY (Kitwe) |
| -- | 4 |
| -- | 27.50 |
| -- | QK 495.A12 Met |
| -- | 3 |
| -- | AVAILABLE |
| -- | 025838 |
| -- | Annex Low-Usage Collection |
| 995 ## - | |
| -- | MAIN LIBRARY OPEN ACCESS |
| -- | 0.00 |
| -- | 728222 |
| -- | CBU-MAIN LIBRARY (Kitwe) |
| -- | 1 |
| -- | 27.50 |
| -- | QK 495.A12 Met |
| -- | 2 |
| -- | AVAILABLE |
| -- | 025837 |
| -- | Main Library Open Access Collection |
| 999 ## - | |
| -- | 83941 |
| -- | 83941 |
| Withdrawn status | Lost status | Source of classification or shelving scheme | Damaged status | Not for loan | Permanent Location | Current Location | Shelving location | Date acquired | Total Checkouts | Full call number | Barcode | Date last seen | Copy number | Price effective from | Koha item type |
|---|---|---|---|---|---|---|---|---|---|---|---|---|---|---|---|
| CBU-MAIN LIBRARY, KITWE. | CBU-MAIN LIBRARY, KITWE. | 01/08/2024 | QK 495.A12 Met | 025839 | 01/08/2024 | 1 | 01/08/2024 | MONOGRAPH | |||||||
| CBU-MAIN LIBRARY, KITWE. | CBU-MAIN LIBRARY, KITWE. | 01/08/2024 | QK 495.A12 Met | 025836 | 01/08/2024 | 2 | 01/08/2024 | MONOGRAPH | |||||||
| CBU-MAIN LIBRARY, KITWE. | CBU-MAIN LIBRARY, KITWE. | 01/08/2024 | QK 495.A12 Met | 025838 | 01/08/2024 | 3 | 01/08/2024 | MONOGRAPH | |||||||
| CBU-MAIN LIBRARY, KITWE. | CBU-MAIN LIBRARY, KITWE. | 01/08/2024 | QK 495.A12 Met | 025837 | 01/08/2024 | 4 | 01/08/2024 | MONOGRAPH |